Представление документа в формате MARC21

Поле Инд. ПП Название Значение
Тип записи a
Библиографический уровень b
001 Контрольный номер RU/IS/BASE/141483197
005 Дата корректировки 20200528185457.6
084 a Индекс другой классификации/Индекс ББК 88.5; 60.524.224.67; 65.47
100 1_ a Автор Мурза Т. Л.
245 a Заглавие Реклама в женских журналах как социально-психологический феномен
b Продолж. заглавия (Сравнительная характеристика российских, великобританских и французских изданий журналов Cosmopoliten, Voge, Mari Claire, Elle)
650 a Основная рубрика психология
a Основная рубрика реклама
a Основная рубрика социальная психология
a Основная рубрика социология
653 a Ключевые слова "рекламная женщина"
a Ключевые слова женские журналы
a Ключевые слова журналы
a Ключевые слова периодические издания
a Ключевые слова психология потребителя
a Ключевые слова рекламная информация
a Ключевые слова рекламный образ
a Ключевые слова социология рекламы
a Ключевые слова экономическая социология
773 t Заглавие источника Вестник Московского университета. Серия 18, Социология и политология
d Дата издания источника 2001
g Прочая информация № 3. - С. 106 - 112 : табл.
w Контрольный № источника RU/IS/BASE/148578725
901 t Тип документа b